000 00360nam a2200145Ia 4500
008 230917s9999||||xx |||||||||||||| ||und||
040 _e165674
_aMAIN
041 _aEnglish
082 _a658.3 R18H
100 _aRao, T V
245 0 _aHRD score card 2500 based on HRD audit
260 _aNew Delhi
_bResponse Books
_c2008
300 _a297 p.
942 _cBK
999 _c153364
_d153364